000 00697cam a22002413a 4500
001 10329
003 PGUSA
005 20140828083222.0
008 031101s2003||||xxu|||||s|||||000 1 eng d
040 _aPGUSA
_beng
042 _adc
050 4 _aPZ
100 1 _aSmith, Laura Rountree,
_d1876-1924
245 1 0 _aSnubby Nose and Tippy Toes
_h[electronic resource] /
_cLaura Rountree Smith
260 _bProject Gutenberg,
_c2003
506 _aPublic domain in the USA.
516 _aElectronic text
653 _aRabbits -- Juvenile fiction
653 _aAnimals -- Juvenile fiction
830 0 _aProject Gutenberg
_v10329
856 4 0 _uhttp://www.gutenberg.org/ebooks/10329
942 _cEB
999 _c239584
_d239584